[Event "Landesklasse West 2016/2017"]
[Site "?"]
[Date "2016.11.27"]
[Round "3"]
[White "Fink, Klaus"]
[Black "Seeboth, Paul"]
[Result "1-0"]
[WhiteElo "1843"]
[BlackElo "1846"]
[PlyCount "79"]
[EventDate "2016.??.??"]
[WhiteTeam "TSG Ruhla"]
[BlackTeam "Schachclub Rochade Leinefelde"]

1. e4 e5 2. Nf3 Nc6 3. Bc4 Bc5 4. O-O Nf6 5. Nc3 O-O 6. a3 a5 7. d3 h6 8. h3 d6
9. Re1 Be6 10. Bxe6 fxe6 11. Be3 Bxe3 12. Rxe3 Qe7 13. Ne2 Rad8 14. Ng3 Qf7 15.
Qe1 g5 16. Re2 Nh5 17. Nxh5 Qxh5 18. Nh2 Nd4 19. Rd2 Qf7 20. Rb1 b6 21. a4 c5
22. b3 Kg7 23. c3 Nc6 24. Re2 Rb8 25. Re3 Qg6 26. Qe2 Rf7 27. Rd1 b5 28. axb5
Rxb5 29. d4 Rxb3 30. dxc5 dxc5 31. Qc4 Rb2 32. Rf3 Rxf3 33. Nxf3 g4 34. hxg4
Qxg4 35. Qd3 Ne7 36. Qd7 Kf6 37. Qd6 Ng6 38. Qd8+ Ne7 39. Qf8+ Kg6 40. Qxe7 1-0

[Event "Landesklasse West 2016/2017"]
[Site "?"]
[Date "2016.11.27"]
[Round "3"]
[White "Löffelholz, Christian"]
[Black "Voß, Ewald"]
[Result "1/2-1/2"]
[WhiteElo "1662"]
[BlackElo "1649"]
[PlyCount "35"]
[EventDate "2016.??.??"]
[WhiteTeam "Schachclub Rochade Leinefelde"]
[BlackTeam "TSG Ruhla"]

1. e4 e5 2. Nf3 Nc6 3. Bc4 Bc5 4. d3 Nf6 5. Bg5 O-O 6. Nc3 h6 7. Bh4 Be7 8. Bg3
d6 9. h3 Na5 10. Bb3 Nxb3 11. axb3 c6 12. O-O Nh7 13. Nh2 f5 14. f4 exf4 15.
Bxf4 Bg5 16. exf5 Bxf5 17. Qd2 Bxf4 18. Rxf4 1/2-1/2

[Event "Landesklasse West 2016/2017"]
[Site "?"]
[Date "2016.11.27"]
[Round "3"]
[White "Hagen, Matthias"]
[Black "Meysing, Gerhard"]
[Result "1/2-1/2"]
[WhiteElo "1663"]
[BlackElo "1508"]
[PlyCount "42"]
[EventDate "2016.??.??"]
[WhiteTeam "TSG Ruhla"]
[BlackTeam "Schachclub Rochade Leinefelde"]

1. e4 e5 2. Nf3 Nc6 3. Bb5 d6 4. d4 exd4 5. Nxd4 Bd7 6. Nc3 Nxd4 7. Qxd4 Bxb5
8. Nxb5 a6 9. Nc3 Nf6 10. O-O Be7 11. Re1 O-O 12. Nd5 Nxd5 13. Qxd5 c6 14. Qd3
Bf6 15. c3 Qc7 16. Be3 Rad8 17. f4 Rfe8 18. Rad1 Qa5 19. a3 d5 20. e5 Be7 21.
Kh1 Bf8 1/2-1/2

[Event "Landesklasse West 2016/2017"]
[Site "?"]
[Date "2016.11.27"]
[Round "3"]
[White "Bachmann, Gerhard"]
[Black "Schönwetter, Hartwig-Rolf"]
[Result "1/2-1/2"]
[WhiteElo "1892"]
[BlackElo "1566"]
[PlyCount "40"]
[EventDate "2016.??.??"]
[WhiteTeam "Schachclub Rochade Leinefelde"]
[BlackTeam "TSG Ruhla"]

1. d4 Nf6 2. Nf3 g6 3. g3 Bg7 4. Bg2 d6 5. c4 O-O 6. Nc3 Nc6 7. O-O e5 8. d5
Ne7 9. e4 Bg4 10. h3 Bxf3 11. Qxf3 Ne8 12. Qd3 f5 13. Rb1 Qd7 14. b4 Nf6 15. f3
Nh5 16. Kh2 f4 17. g4 Ng3 18. Rf2 g5 19. Ne2 Nxe2 20. Rxe2 Kf7 1/2-1/2

[Event "Thüringenliga 2016/2017"]
[Site "?"]
[Date "2016.11.27"]
[Round "3"]
[White "Hermannsdörfer, Frank"]
[Black "Brüggemann, Joachim"]
[Result "1/2-1/2"]
[WhiteElo "2119"]
[BlackElo "2198"]
[PlyCount "96"]
[EventDate "2016.??.??"]
[WhiteTeam "SV 1861 Liebschwitz"]
[BlackTeam "Erfurter Schachklub"]

1. b3 Nf6 2. Bb2 e6 3. e3 c5 4. Nf3 Be7 5. d4 O-O 6. Bd3 Nc6 7. a3 a6 8. dxc5
Bxc5 9. c4 b6 10. Nc3 Bb7 11. b4 Be7 12. e4 d6 13. O-O Rc8 14. Qb3 Qc7 15. Rac1
Qb8 16. Ne2 Nd7 17. Ng3 Bf6 18. Rfd1 Rfd8 19. Nh5 Bxb2 20. Qxb2 Nde5 21. Ne1 g6
22. Nf6+ Kg7 23. Ng4 h5 24. Ne3 f6 25. Bb1 Ng4 26. Nf1 e5 27. h3 Nh6 28. Ne3
Nf7 29. Nd5 Qa7 30. Nc2 b5 31. cxb5 axb5 32. Nce3 Ng5 33. Bd3 Nd4 34. h4 Nge6
35. Rxc8 Rxc8 36. Rc1 Bc6 37. Rc3 Qb7 38. Qb1 Rf8 39. Qd1 f5 40. Rxc6 Qxc6 41.
exf5 gxf5 42. Ne7 Qb7 43. N7xf5+ Nxf5 44. Bxf5 Qf7 45. Qxd6 Nd4 46. Qxe5+ Qf6
47. Qxf6+ Rxf6 48. Bd3 Ra6 1/2-1/2

[Event "Thüringenliga 2016/2017"]
[Site "?"]
[Date "2016.11.27"]
[Round "3"]
[White "Vökler, Bernd"]
[Black "Zeidler, Andreas"]
[Result "1/2-1/2"]
[WhiteElo "2293"]
[BlackElo "2118"]
[PlyCount "70"]
[EventDate "2016.??.??"]
[WhiteTeam "Erfurter Schachklub"]
[BlackTeam "SV 1861 Liebschwitz"]

1. e4 e6 2. d4 b6 3. Bd3 Bb7 4. Nf3 Nf6 5. Qe2 Be7 6. O-O d6 7. c4 O-O 8. Nc3
c5 9. d5 e5 10. Bd2 Bc8 11. h3 Ne8 12. a3 g6 13. Nh2 Bg5 14. f4 exf4 15. Bxf4
Nd7 16. Bg3 f6 17. Ng4 Ne5 18. Nxe5 fxe5 19. Rxf8+ Kxf8 20. Rf1+ Kg7 21. Qf2
Qe7 22. Be2 Nf6 23. Bf3 Bd7 24. Qe2 h5 25. Rb1 a5 26. b3 Be8 27. Bf2 Qf7 28.
Qb2 Qc7 29. Rf1 Qa7 30. Na2 Bd7 31. Nc1 Bc8 32. Nd3 Qe7 33. Qc3 Kg8 34. Ra1 Qc7
35. Rb1 Ra7 1/2-1/2

[Event "Thüringenliga 2016/2017"]
[Site "?"]
[Date "2016.11.27"]
[Round "3"]
[White "Kastner, Peter"]
[Black "Krüger, Rainer"]
[Result "1/2-1/2"]
[WhiteElo "1991"]
[BlackElo "2071"]
[PlyCount "40"]
[EventDate "2016.??.??"]
[WhiteTeam "SV 1861 Liebschwitz"]
[BlackTeam "Erfurter Schachklub"]

1. e4 c5 2. Nf3 d6 3. Bb5+ Bd7 4. Bxd7+ Qxd7 5. O-O Nc6 6. d3 g6 7. h3 Bg7 8.
Nc3 Rb8 9. a4 a6 10. Bf4 b5 11. axb5 axb5 12. Qc1 e5 13. Bd2 Nge7 14. Bh6 O-O
15. Re1 Nd4 16. Nxd4 cxd4 17. Bxg7 Kxg7 18. Ne2 f5 19. c3 dxc3 20. Qxc3 b4
1/2-1/2

[Event "Thüringenliga 2016/2017"]
[Site "?"]
[Date "2016.11.27"]
[Round "3"]
[White "Rüther, Rudolf"]
[Black "Biel, Maik"]
[Result "1-0"]
[WhiteElo "2029"]
[BlackElo "1958"]
[PlyCount "69"]
[EventDate "2016.??.??"]
[WhiteTeam "Erfurter Schachklub"]
[BlackTeam "SV 1861 Liebschwitz"]

1. d4 Nf6 2. c4 g6 3. Nc3 d5 4. cxd5 Nxd5 5. e4 Nxc3 6. bxc3 c5 7. Bc4 Bg7 8.
Be3 O-O 9. Ne2 Nc6 10. O-O Na5 11. Bd3 c4 12. Bc2 b5 13. Qd2 e5 14. Bh6 f6 15.
Bxg7 Kxg7 16. Rad1 Bg4 17. f3 Be6 18. Rf2 Nb7 19. Rdf1 Qe7 20. f4 Bg8 21. Rf3
Nd6 22. Qe3 Rae8 23. fxe5 fxe5 24. Rxf8 Rxf8 25. Rxf8 Kxf8 26. dxe5 Qxe5 27.
Qxa7 Bf7 28. Qd4 Qxd4+ 29. Nxd4 Be8 30. Kf2 Kf7 31. Ke3 h6 32. Nf3 Ke6 33. Kd4
g5 34. g4 Nf7 35. e5 1-0

[Event "Thüringenliga 2016/2017"]
[Site "?"]
[Date "2016.11.27"]
[Round "3"]
[White "Ahmed, Daniel"]
[Black "Duzy, Stefan"]
[Result "0-1"]
[WhiteElo "1649"]
[BlackElo "1923"]
[PlyCount "130"]
[EventDate "2016.??.??"]
[WhiteTeam "SV 1861 Liebschwitz"]
[BlackTeam "Erfurter Schachklub"]

1. e4 e5 2. Nf3 Nc6 3. Bc4 Bc5 4. a4 d6 5. c3 Bb6 6. b4 a6 7. Qb3 Qe7 8. d3 Nf6
9. O-O Nd8 10. Na3 Bg4 11. Nd2 Nh5 12. Qc2 Nf4 13. Nf3 Bxf3 14. Bxf4 Bxg2 15.
Kxg2 exf4 16. Rg1 Ne6 17. Qe2 a5 18. b5 Ng5 19. Qg4 Qf6 20. h4 f3+ 21. Kh1 Ne6
22. d4 h5 23. Qg3 O-O-O 24. Qh3 Kb8 25. Bxe6 fxe6 26. Rg3 Rhf8 27. Rag1 e5 28.
Nc4 exd4 29. Nxb6 cxb6 30. cxd4 Qxd4 31. Rxg7 Qxe4 32. Rc1 Rc8 33. Rxc8+ Rxc8
34. Qg3 Rc1+ 35. Kh2 Qe5 36. Rg8+ Ka7 37. Qxe5 dxe5 38. Rg5 Rc4 39. Rxh5 Rxa4
40. Kg3 e4 41. Re5 Rb4 42. h5 a4 43. Rd5 a3 44. Rd2 Rxb5 45. Ra2 Rxh5 46. Rxa3+
Ra5 47. Re3 Ra4 48. Kf4 b5 49. Rb3 Kb6 50. Ke5 Kc5 51. Rb2 Rc4 52. Kf4 Rc3 53.
Kxe4 b4 54. Rd2 Kc4 55. Rd7 b5 56. Rc7+ Kb3 57. Rb7 Kc2 58. Rxb5 b3 59. Ra5 b2
60. Ra2 Kb3 61. Rxb2+ Kxb2 62. Kf4 Kc2 63. Kg3 Kd2 64. Kf4 Ke2 65. Kg3 Ke1 0-1

[Event "Thüringenliga 2016/2017"]
[Site "?"]
[Date "2016.11.27"]
[Round "3"]
[White "Albrecht, Ulrich"]
[Black "Weiß, Werner"]
[Result "1-0"]
[WhiteElo "1983"]
[BlackElo "1966"]
[PlyCount "117"]
[EventDate "2016.??.??"]
[WhiteTeam "Erfurter Schachklub"]
[BlackTeam "SV 1861 Liebschwitz"]

1. d4 d6 2. g3 c6 3. Bg2 Nf6 4. Nc3 Nbd7 5. e4 e5 6. Nge2 Be7 7. a4 a5 8. O-O
Qc7 9. h3 O-O 10. Be3 Re8 11. Qd2 Bf8 12. Rad1 exd4 13. Qxd4 Ne5 14. Kh1 c5 15.
Qd2 Nc4 16. Qc1 Qb6 17. Bg5 Qxb2 18. Qxb2 Nxb2 19. Rb1 Nc4 20. Bxf6 gxf6 21.
Nd5 Rd8 22. Nxf6+ Kg7 23. Nh5+ Kg8 24. Rfd1 Bd7 25. Nf6+ Kg7 26. Nxd7 Rxd7 27.
Rb3 b5 28. Rxb5 Na3 29. Rb2 Re8 30. Nc3 Be7 31. Nd5 Bf6 32. Ra2 Nc4 33. c3 Rb8
34. Bf1 Nb6 35. Bb5 Rdd8 36. Nxb6 Rxb6 37. Rd3 Rdb8 38. Rb2 R8b7 39. Kg2 Rc7
40. Rbd2 c4 41. Re3 Rc5 42. f4 Kf8 43. g4 Ke7 44. g5 Bg7 45. Rd5 Rc7 46. Kf3
Rb8 47. h4 Rf8 48. h5 f6 49. g6 hxg6 50. hxg6 Rh8 51. Kg2 Rh4 52. Kg3 Rh1 53.
Kg4 Rc8 54. Rh3 Rxh3 55. Kxh3 Rc5 56. Rxc5 dxc5 57. Kg4 f5+ 58. Kxf5 Bxc3 59.
e5 1-0

[Event "Thüringenliga 2016/2017"]
[Site "?"]
[Date "2016.11.27"]
[Round "3"]
[White "Birke, Andreas"]
[Black "Kosev, Momchil"]
[Result "1-0"]
[WhiteElo "2128"]
[BlackElo "1669"]
[PlyCount "59"]
[EventDate "2016.??.??"]
[WhiteTeam "SV 1861 Liebschwitz"]
[BlackTeam "Erfurter Schachklub"]

1. Nf3 Nf6 2. b3 e6 3. Bb2 b6 4. g3 Bb7 5. Bg2 Be7 6. d3 d6 7. e4 Nbd7 8. Nbd2
O-O 9. a4 a5 10. O-O Re8 11. Ne1 e5 12. f4 exf4 13. gxf4 Bf8 14. Nef3 g6 15.
Ng5 Bg7 16. Qf3 Rb8 17. Rab1 h6 18. Nh3 Qe7 19. Kh1 Nh5 20. Bxg7 Nxg7 21. Rbe1
Qh4 22. d4 f5 23. Qd3 fxe4 24. Nxe4 Bxe4 25. Rxe4 Kh7 26. f5 Qf6 27. fxg6+ Qxg6
28. Nf4 Qf5 29. Nd5 Qg6 30. Ne7 1-0

[Event "Thüringenliga 2016/2017"]
[Site "?"]
[Date "2016.11.27"]
[Round "3"]
[White "Möller, Frank"]
[Black "Müller, Gunther"]
[Result "1/2-1/2"]
[WhiteElo "1595"]
[BlackElo "1797"]
[PlyCount "57"]
[EventDate "2016.??.??"]
[WhiteTeam "Erfurter Schachklub"]
[BlackTeam "SV 1861 Liebschwitz"]

1. e4 c5 2. c3 d5 3. exd5 Qxd5 4. d4 Nf6 5. Nf3 e6 6. Na3 Be7 7. Bf4 O-O 8. Bd3
Nc6 9. O-O a6 10. Nc4 Qd8 11. Nfe5 Nxe5 12. Nxe5 Bd7 13. Qc2 cxd4 14. cxd4 Rc8
15. Qb3 b5 16. Rac1 Qb6 17. Nxd7 Nxd7 18. Be3 Qb8 19. a4 bxa4 20. Qxa4 Nf6 21.
Rxc8 Rxc8 22. Qxa6 Rd8 23. Rb1 Nd5 24. Bd2 Bf6 25. Bc3 Qf4 26. Rd1 g6 27. g3
Qd6 28. Qxd6 Rxd6 29. Kf1 1/2-1/2

[Event "Thüringenliga 2016/2017"]
[Site "?"]
[Date "2016.11.27"]
[Round "3"]
[White "Philipp, Mathias"]
[Black "Recknagel, Michael"]
[Result "1/2-1/2"]
[WhiteElo "1864"]
[BlackElo "2180"]
[PlyCount "31"]
[EventDate "2016.??.??"]
[WhiteTeam "SSV Vimaria 91 Weimar"]
[BlackTeam "SC Suhl"]

1. e4 c5 2. Nf3 e6 3. c3 d5 4. exd5 Qxd5 5. d4 Nf6 6. Be3 Ng4 7. Nbd2 Nc6 8.
Bc4 Qf5 9. O-O Bd6 10. h3 Nxe3 11. fxe3 cxd4 12. cxd4 Qg6 13. e4 O-O 14. e5 Bc7
15. Qe2 Bb6 16. Nb3 1/2-1/2

[Event "Thüringenliga 2016/2017"]
[Site "?"]
[Date "2016.11.27"]
[Round "3"]
[White "Feld-Gerdes, Wolfgang"]
[Black "Philipp, Michael"]
[Result "0-1"]
[WhiteElo "2034"]
[BlackElo "2043"]
[PlyCount "44"]
[EventDate "2016.??.??"]
[WhiteTeam "SC Suhl"]
[BlackTeam "SSV Vimaria 91 Weimar"]

1. e4 c5 2. Nf3 g6 3. c3 Bg7 4. d4 cxd4 5. cxd4 d5 6. e5 Nh6 7. Nc3 O-O 8. Qb3
Nc6 9. Bd3 Bf5 10. Bxf5 Nxf5 11. Be3 Qd7 12. O-O e6 13. Rac1 Nxe3 14. fxe3 Bh6
15. Rce1 Na5 16. Qb4 Nc6 17. Qa4 a6 18. e4 b5 19. Qd1 Ne7 20. exd5 exd5 21. Nd2
Nf5 22. Qg4 Bxd2 0-1

[Event "Thüringenliga 2016/2017"]
[Site "?"]
[Date "2016.11.27"]
[Round "3"]
[White "Mysliwiec, Jörg"]
[Black "Silberschlag, Jörg"]
[Result "1/2-1/2"]
[WhiteElo "2054"]
[BlackElo "2060"]
[PlyCount "34"]
[EventDate "2016.??.??"]
[WhiteTeam "SSV Vimaria 91 Weimar"]
[BlackTeam "SC Suhl"]

1. b3 d5 2. Bb2 Nd7 3. Nf3 Ngf6 4. c4 e6 5. e3 c6 6. Be2 a6 7. O-O Be7 8. d3
O-O 9. Nbd2 Re8 10. Qc2 Bd6 11. d4 e5 12. cxd5 cxd5 13. dxe5 Nxe5 14. Nxe5 Bxe5
15. Bxe5 Rxe5 16. Rac1 Re7 17. Rfd1 Be6 1/2-1/2

[Event "Thüringenliga 2016/2017"]
[Site "?"]
[Date "2016.11.27"]
[Round "3"]
[White "Berghof, Axel"]
[Black "Scheitz, Michael"]
[Result "0-1"]
[WhiteElo "2026"]
[BlackElo "2015"]
[PlyCount "68"]
[EventDate "2016.??.??"]
[WhiteTeam "SC Suhl"]
[BlackTeam "SSV Vimaria 91 Weimar"]

1. e4 e5 2. Nf3 Nf6 3. d4 Nxe4 4. Nxe5 d6 5. Nd3 d5 6. Be3 Bd6 7. Nd2 O-O 8.
Nxe4 dxe4 9. Nc5 Qe7 10. Nb3 f5 11. g3 f4 12. gxf4 Bxf4 13. Qh5 Rf5 14. Qh3 Nc6
15. Bc4+ Kh8 16. O-O-O Qb4 17. Be2 Qe7 18. Bg4 Bxe3+ 19. fxe3 Rf3 20. Qg2 Bxg4
21. Qxg4 Nb4 22. d5 Rf2 23. Nd4 Raf8 24. Rhg1 Nxd5 25. Rg3 Rf1 26. a3 Qf6 27.
c4 Nb6 28. c5 Na4 29. b4 Nc3 30. Rxf1 Qxf1+ 31. Kb2 Qb1+ 32. Kxc3 Qd3+ 33. Kb2
Rf2+ 34. Kc1 Qd2+ 0-1

[Event "Thüringenliga 2016/2017"]
[Site "?"]
[Date "2016.11.27"]
[Round "3"]
[White "Albrecht, Jürgen"]
[Black "Müller, Bernd"]
[Result "1-0"]
[WhiteElo "2015"]
[BlackElo "1748"]
[PlyCount "49"]
[EventDate "2016.??.??"]
[WhiteTeam "SSV Vimaria 91 Weimar"]
[BlackTeam "SC Suhl"]

1. e4 d5 2. exd5 Qxd5 3. Nc3 Qd6 4. d4 Nf6 5. Bd3 a6 6. Nge2 Nc6 7. Bf4 Qd8 8.
O-O g6 9. d5 Na7 10. Bc4 Bg7 11. a4 O-O 12. Nd4 Nh5 13. Be3 Nf6 14. h3 Bd7 15.
Qf3 Qc8 16. Rfd1 c6 17. Bg5 h6 18. Bxf6 Bxf6 19. d6 c5 20. Nd5 Qd8 21. Nb3 b6
22. dxe7 Bxe7 23. Nxb6 Qxb6 24. Rxd7 Rae8 25. Rb7 1-0

[Event "Thüringenliga 2016/2017"]
[Site "?"]
[Date "2016.11.27"]
[Round "3"]
[White "Koch, Stefan"]
[Black "Riedel, Finn"]
[Result "1/2-1/2"]
[WhiteElo "1926"]
[BlackElo "2029"]
[PlyCount "37"]
[EventDate "2016.??.??"]
[WhiteTeam "SC Suhl"]
[BlackTeam "SSV Vimaria 91 Weimar"]

1. e4 e5 2. Nf3 Nf6 3. Nc3 Bb4 4. d3 Nc6 5. a3 Bxc3+ 6. bxc3 d6 7. Be2 h6 8.
O-O Ne7 9. Nd2 Ng6 10. g3 Bh3 11. Re1 O-O 12. Nf1 d5 13. f3 Qd6 14. Be3 Rad8
15. Qb1 Qc6 16. Nd2 dxe4 17. Nxe4 Nd5 18. Bd2 Bc8 19. c4 1/2-1/2

[Event "Thüringenliga 2016/2017"]
[Site "?"]
[Date "2016.11.27"]
[Round "3"]
[White "Gulich, Christian"]
[Black "Will, Ralph"]
[Result "1-0"]
[WhiteElo "1955"]
[BlackElo "1752"]
[PlyCount "59"]
[EventDate "2016.??.??"]
[WhiteTeam "SSV Vimaria 91 Weimar"]
[BlackTeam "SC Suhl"]

1. e4 c6 2. d4 g6 3. Nc3 Bg7 4. Nf3 d6 5. a4 Nf6 6. Bc4 O-O 7. O-O d5 8. exd5
cxd5 9. Bd3 Nc6 10. Re1 Bg4 11. Be3 Re8 12. h3 Bxf3 13. Qxf3 e5 14. Bb5 e4 15.
Qd1 Rc8 16. Qd2 a6 17. Bxc6 Rxc6 18. Ne2 Qc8 19. c3 Nd7 20. Rec1 Nb6 21. b3 Qd7
22. a5 Nc8 23. c4 dxc4 24. bxc4 b6 25. Rab1 Nd6 26. c5 Nb5 27. axb6 Rd8 28. Rd1
Na3 29. Rbc1 Nb5 30. d5 1-0

[Event "Thüringenliga 2016/2017"]
[Site "?"]
[Date "2016.11.27"]
[Round "3"]
[White "Ansorg, Nico"]
[Black "Gräf, Michael"]
[Result "0-1"]
[WhiteElo "1787"]
[BlackElo "1850"]
[PlyCount "72"]
[EventDate "2016.??.??"]
[WhiteTeam "SC Suhl"]
[BlackTeam "SSV Vimaria 91 Weimar"]

1. d4 Nf6 2. c4 e6 3. Nf3 b6 4. a3 Bb7 5. Nc3 Be7 6. Bg5 Ne4 7. Bxe7 Qxe7 8.
Nxe4 Bxe4 9. e3 f5 10. Bd3 Bb7 11. Qe2 Qf6 12. O-O-O Nc6 13. Nd2 O-O 14. f4 Ne7
15. Rhg1 c5 16. Nb3 d6 17. g4 g6 18. Rg3 a5 19. Qf2 a4 20. Na1 Rac8 21. Nc2
cxd4 22. g5 Qf7 23. exd4 d5 24. cxd5 Bxd5 25. Kb1 Bb3 26. Rc1 Nd5 27. Rgg1 Qc7
28. Rgf1 Qd6 29. Ne3 Rxc1+ 30. Kxc1 Nxe3 31. Qxe3 Rd8 32. Re1 Qxd4 33. Qxd4
Rxd4 34. Bc2 Rc4 35. Re2 Kf7 36. Kb1 Rxf4 0-1

[Event "Thüringenliga 2016/2017"]
[Site "?"]
[Date "2016.11.27"]
[Round "3"]
[White "Pähtz, Thomas"]
[Black "Schneider, Christian"]
[Result "0-1"]
[WhiteElo "2319"]
[BlackElo "2190"]
[PlyCount "80"]
[EventDate "2016.??.??"]
[WhiteTeam "Ilmenauer SV"]
[BlackTeam "SG Blau-Weiß Stadtilm"]

1. e4 c5 2. Nf3 d6 3. Bb5+ Nd7 4. c4 a6 5. Ba4 Qc7 6. Nc3 e6 7. Qe2 Ngf6 8. d4
cxd4 9. Nxd4 Be7 10. g4 O-O 11. g5 Ne8 12. h4 Nb6 13. Bb3 Bd7 14. g6 Bf6 15.
gxf7+ Rxf7 16. Be3 Rc8 17. c5 Bxd4 18. Bxd4 dxc5 19. Be3 c4 20. Bc2 e5 21.
O-O-O Nf6 22. Rhg1 Be6 23. h5 Nbd7 24. h6 g6 25. Kb1 b5 26. Nd5 Bxd5 27. exd5
Qd6 28. f4 exf4 29. Bd4 Re8 30. Qg2 Nf8 31. Qf2 Ne4 32. Qf3 Ng3 33. Bf2 Nf5 34.
Bxf5 Rxf5 35. Qc3 Qe5 36. Qa5 Qe4+ 37. Ka1 Rxd5 38. a3 Rxd1+ 39. Rxd1 Qc2 40.
Rg1 Qxf2 0-1

[Event "Thüringenliga 2016/2017"]
[Site "?"]
[Date "2016.11.27"]
[Round "3"]
[White "George, Tom"]
[Black "Mehlhorn, Uwe"]
[Result "0-1"]
[WhiteElo "2178"]
[BlackElo "2126"]
[PlyCount "110"]
[EventDate "2016.??.??"]
[WhiteTeam "SG Blau-Weiß Stadtilm"]
[BlackTeam "Ilmenauer SV"]

1. e4 d6 2. d4 g6 3. Nc3 Bg7 4. f4 Nf6 5. Nf3 c5 6. Bb5+ Bd7 7. e5 Ng4 8. Bxd7+
Qxd7 9. h3 cxd4 10. Qxd4 Nh6 11. Be3 Nf5 12. Qd3 dxe5 13. Bd2 Qxd3 14. cxd3 Nc6
15. g4 Nfd4 16. Nxd4 Nxd4 17. O-O-O O-O-O 18. Rhf1 Nc6 19. Be3 Rhf8 20. fxe5
Nxe5 21. Bxa7 Nxd3+ 22. Kc2 Nb4+ 23. Kb3 Rxd1 24. Rxd1 Bxc3 25. Kxc3 Nc6 26.
Bc5 Rd8 27. Rxd8+ Kxd8 28. b4 Ne5 29. a4 Nd7 30. Be3 Kc7 31. Kc4 Nb6+ 32. Kb5
Nd5 33. Bc5 e5 34. Kc4 Nf4 35. h4 f5 36. gxf5 gxf5 37. a5 e4 38. Bf2 Ne6 39.
Kd5 Nf4+ 40. Kc4 Nd3 41. Bb6+ Kd6 42. b5 Ne5+ 43. Kd4 Nd7 44. Bd8 Nc5 45. Bb6
Ne6+ 46. Ke3 Kd5 47. a6 f4+ 48. Kf2 bxa6 49. bxa6 Kc6 50. a7 Kb7 51. Ke2 h5 52.
Kf2 Nf8 53. Bc7 Ng6 54. Bb8 f3 55. Kg3 Ne7 0-1

[Event "Thüringenliga 2016/2017"]
[Site "?"]
[Date "2016.11.27"]
[Round "3"]
[White "Sukaylo, Aleksey"]
[Black "Siebarth, Raiko"]
[Result "0-1"]
[WhiteElo "2044"]
[BlackElo "2240"]
[PlyCount "154"]
[EventDate "2016.??.??"]
[WhiteTeam "Ilmenauer SV"]
[BlackTeam "SG Blau-Weiß Stadtilm"]

1. e4 c5 2. Nf3 e6 3. d4 cxd4 4. Nxd4 Nc6 5. Nxc6 bxc6 6. Bd3 Nf6 7. Nc3 d5 8.
O-O Be7 9. Qf3 O-O 10. Bg5 h6 11. Bd2 e5 12. h3 d4 13. Na4 g5 14. b3 Be6 15.
Qe2 Kg7 16. Rae1 Qd7 17. g4 Rh8 18. f3 Nh7 19. Qh2 f6 20. h4 gxh4 21. Qxh4 Nf8
22. Qh2 Ng6 23. Kf2 Ba3 24. b4 Rab8 25. Nc5 Qf7 26. Na6 Rb6 27. Rh1 Bc4 28.
Bxh6+ Kg8 29. Bxc4 Qxc4 30. Qh5 Kf7 31. Qf5 Qe6 32. Qxe6+ Kxe6 33. Nc5+ Kf7 34.
Bd2 Bxb4 35. Bxb4 Rxb4 36. Rxh8 Nxh8 37. Rh1 Kg8 38. Nd3 Rc4 39. Rc1 Ng6 40.
Ke2 Ra4 41. Rb1 Rxa2 42. Nb4 Ra3 43. Nxc6 Rc3 44. Rb8+ Kh7 45. Nb4 Nf4+ 46. Kd2
Rxf3 47. Nd5 Ne6 48. Ke2 Ra3 49. Nxf6+ Kg6 50. Nd5 Kg5 51. Rg8+ Kh4 52. Re8
Nf4+ 53. Kd2 Ng6 54. Re6 Kg5 55. Kd1 Rg3 56. c3 dxc3 57. Kc2 Rg2+ 58. Kxc3 Rxg4
59. Ra6 Rxe4 60. Rxa7 Rd4 61. Nb4 Nf4 62. Rf7 Kg6 63. Rf8 Ne6 64. Rf1 Nf4 65.
Nc6 Nd5+ 66. Kb2 Rd2+ 67. Kc1 Re2 68. Nxe5+ Rxe5 69. Kd2 Ne3 70. Rf8 Nf5 71.
Kc3 Kg5 72. Kd3 Kf4 73. Kc4 Ke4 74. Kc3 Ne3 75. Rh8 Rc5+ 76. Kb4 Rc1 77. Re8+
Kd4 0-1

[Event "Thüringenliga 2016/2017"]
[Site "?"]
[Date "2016.11.27"]
[Round "3"]
[White "Werner, Justus"]
[Black "Töpfer, Albrecht"]
[Result "1/2-1/2"]
[WhiteElo "1913"]
[BlackElo "1989"]
[PlyCount "31"]
[EventDate "2016.??.??"]
[WhiteTeam "SG Blau-Weiß Stadtilm"]
[BlackTeam "Ilmenauer SV"]

1. c4 Nf6 2. g3 g6 3. Bg2 Bg7 4. d4 O-O 5. Nc3 d6 6. e3 c5 7. Nge2 Nc6 8. O-O
Bg4 9. h3 Bd7 10. b3 Qc8 11. Kh2 a6 12. Nd5 Qd8 13. Bb2 Rb8 14. Qd2 cxd4 15.
Nxd4 Nxd4 16. Bxd4 1/2-1/2

[Event "Thüringenliga 2016/2017"]
[Site "?"]
[Date "2016.11.27"]
[Round "3"]
[White "Falk, Kristoffer"]
[Black "Siebarth, Marco"]
[Result "1/2-1/2"]
[WhiteElo "1883"]
[BlackElo "1992"]
[PlyCount "78"]
[EventDate "2016.??.??"]
[WhiteTeam "Ilmenauer SV"]
[BlackTeam "SG Blau-Weiß Stadtilm"]

1. d4 d5 2. c4 c6 3. Qc2 Nf6 4. Nf3 e6 5. g3 Be7 6. Bg2 O-O 7. O-O Nbd7 8. Rd1
Ne4 9. b3 f5 10. Nc3 a6 11. Ne1 Bd6 12. Nd3 Qf6 13. Be3 Rb8 14. a4 b6 15. f3
Nxc3 16. Qxc3 Bb7 17. Bf4 Bxf4 18. Nxf4 g5 19. Nh3 c5 20. cxd5 Bxd5 21. e4 fxe4
22. fxe4 Bb7 23. Qe3 cxd4 24. Rxd4 Nc5 25. e5 Qg7 26. Nxg5 Rf5 27. Nh3 Bxg2 28.
Kxg2 Qxe5 29. Re1 Qxe3 30. Rxe3 a5 31. Rg4+ Kh8 32. Rf4 Rd8 33. Rxf5 exf5 34.
Nf4 Rd2+ 35. Kg1 Rb2 36. Nd5 Rxb3 37. Rxb3 Nxb3 38. Nxb6 Kg7 39. Kf2 Kf6
1/2-1/2

[Event "Thüringenliga 2016/2017"]
[Site "?"]
[Date "2016.11.27"]
[Round "3"]
[White "Berner, Stephan"]
[Black "Ortlepp, Steffen"]
[Result "1-0"]
[WhiteElo "1886"]
[BlackElo "1874"]
[PlyCount "81"]
[EventDate "2016.??.??"]
[WhiteTeam "SG Blau-Weiß Stadtilm"]
[BlackTeam "Ilmenauer SV"]

1. e4 c5 2. Nc3 Nc6 3. Bb5 g6 4. Bxc6 bxc6 5. d3 Bg7 6. Nge2 Qb6 7. O-O Nf6 8.
h3 d6 9. Rb1 O-O 10. Kh2 d5 11. Ng3 Ba6 12. Re1 c4 13. exd5 cxd3 14. cxd3 Nxd5
15. Nxd5 cxd5 16. Rxe7 Qd6 17. Re1 Rae8 18. Rxe8 Rxe8 19. Kg1 Be5 20. Ne2 d4
21. b3 Qd5 22. a4 Bf6 23. b4 Bb7 24. Nf4 Qe5 25. Bd2 Bg5 26. Qg4 Bc8 27. Qg3 h5
28. Re1 Qxe1+ 29. Bxe1 Rxe1+ 30. Kh2 Bf6 31. Nxh5 Be5 32. f4 Re3 33. Qg5 Kh7
34. fxe5 gxh5 35. Qxh5+ Kg7 36. Qg5+ Kh7 37. Qh4+ Kg7 38. Qxd4 Re1 39. e6+ f6
40. Qxa7+ Kg6 41. Qf7+ 1-0

[Event "Thüringenliga 2016/2017"]
[Site "?"]
[Date "2016.11.27"]
[Round "3"]
[White "Schenk, Stefan"]
[Black "Schröter, Maik"]
[Result "1/2-1/2"]
[WhiteElo "1906"]
[BlackElo "1816"]
[PlyCount "102"]
[EventDate "2016.??.??"]
[WhiteTeam "Ilmenauer SV"]
[BlackTeam "SG Blau-Weiß Stadtilm"]

1. e4 d5 2. exd5 Qxd5 3. Nc3 Qd8 4. Nf3 Bg4 5. Be2 Nf6 6. d4 e6 7. h3 Bxf3 8.
Bxf3 c6 9. O-O Qc7 10. Re1 Be7 11. Ne4 Nbd7 12. c4 Nxe4 13. Bxe4 Nf6 14. Bc2
O-O 15. Qf3 Rad8 16. Be3 Rfe8 17. a3 a5 18. Rad1 Qb8 19. Bf4 Qa7 20. Be5 Rf8
21. Qf4 Ne8 22. Qe4 g6 23. Qe3 Bd6 24. Qc3 Bxe5 25. dxe5 Nc7 26. b4 axb4 27.
axb4 Qb8 28. Rd6 Ne8 29. Rxd8 Qxd8 30. Rd1 Qc7 31. Qd4 Ng7 32. Qd6 Qc8 33. g4
Qa8 34. Be4 Qa3 35. Kg2 Qb2 36. Rd2 Qc3 37. Rd4 Ne8 38. Qc5 Nc7 39. Rd3 Qb2 40.
b5 Ne8 41. bxc6 bxc6 42. Bxc6 Nc7 43. Rd7 Na6 44. Qb5 Qxb5 45. Bxb5 Nc5 46. Rd6
Kg7 47. Kf3 Ra8 48. g5 Ra3+ 49. Kg2 Nd3 50. Rd8 Rc3 51. Rc8 Nf4+ 1/2-1/2

[Event "Thüringenliga 2016/2017"]
[Site "?"]
[Date "2016.11.27"]
[Round "3"]
[White "Dittrich, Tom"]
[Black "Michael, Torsten"]
[Result "1/2-1/2"]
[WhiteElo "1775"]
[BlackElo "1739"]
[PlyCount "50"]
[EventDate "2016.??.??"]
[WhiteTeam "SG Blau-Weiß Stadtilm"]
[BlackTeam "Ilmenauer SV"]

1. e4 e5 2. Nf3 Nc6 3. Bc4 Bc5 4. c3 Nf6 5. d3 d6 6. Bb3 h6 7. Nbd2 Qe7 8. a4
a6 9. Qe2 O-O 10. h3 Bd7 11. O-O Nh5 12. Rd1 Nf4 13. Qf1 Qf6 14. Kh2 g5 15. d4
exd4 16. cxd4 Nxd4 17. e5 dxe5 18. Ne4 Qe7 19. Nxc5 Qxc5 20. Nxd4 exd4 21. Bxf4
gxf4 22. Qd3 Qg5 23. Qxd4 Bc6 24. Rg1 Rad8 25. Qc3 Rfe8 1/2-1/2